[Event "40th POL-ch"]
[Site "Piotrkow Trybunalski POL"]
[Date "1983.02.21"]
[Round "9"]
[White "Pinkas, Karol"]
[Black "Bielczyk, Jacek"]
[Result "1-0"]
[WhiteElo "2405"]
[BlackElo "2410"]
[EventDate "1983.02.12"]
[PlyCount "97"]

1.e4 c5 2.Nf3 Nc6 3.d4 cxd4 4.Nxd4 g6 5.Nc3 Bg7 6.Be3 Nf6 7.Bc4 O-O 8.Bb3 
a5 9.f3 d5 10.Bxd5 Nxd5 11.exd5 Nb4 12.Nde2 Bf5 13.Rc1 b5 14.O-O Rc8 15.
Nd4 Bxd4 16.Qxd4 Nxc2 17.Rxc2 e5 18.dxe6 Qxd4 19.Bxd4 Bxc2 20.e7 Rfe8 21.
Nd5 f5 22.Nf6+ Kf7 23.Nxe8 Rxe8 24.Bc5 Rc8 25.Re1 Bd3 26.Bb6 Bc4 27.Bd8 
Ke8 28.b3 Bf7 29.Bxa5 Rc2 30.Bb4 Rxa2 31.Rd1 Ra8 32.Rd3 Be6 33.f4 Rc8 34.
Kf2 Bd7 35.Rh3 Rc2+ 36.Kf1 h5 37.Rd3 Rc1+ 38.Kf2 Rc2+ 39.Kg3 Re2 40.Bc5 
h4+ 41.Kh3 Re4 42.Kxh4 Rxf4+ 43.Kg5 Rg4+ 44.Kf6 Rh4 45.b4 g5 46.Ra3 Bc6 
47.Kg7 Re4 48.Ra6 Kd7 49.Kf7 1-0

[Event "40th POL-ch"]
[Site "Piotrkow Trybunalski POL"]
[Date "1983.02.21"]
[Round "9"]
[White "Sarwinski, Miroslaw"]
[Black "Sznapik, Aleksander"]
[Result "1-0"]
[WhiteElo "2375"]
[BlackElo "2460"]
[EventDate "1983.02.12"]
[PlyCount "37"]

1.d4 Nf6 2.c4 c5 3.d5 g6 4.Nc3 Bg7 5.e4 d6 6.Be2 O-O 7.Nf3 e6 8.O-O Re8 9.
dxe6 Bxe6 10.Bf4 Qb6 11.Bxd6 Rd8 12.e5 Ne8 13.Qd2 Nxd6 14.Rad1 Nc6 15.exd6
Rac8 16.b3 Nd4 17.Nxd4 Rxd6 18.Nd5 Bxd5 19.Nb5 1-0

[Event "40th POL-ch"]
[Site "Piotrkow Trybunalski POL"]
[Date "1983.02.21"]
[Round "9"]
[White "Schmidt, Wlodzimierz"]
[Black "Flis, Jacek"]
[Result "1/2-1/2"]
[WhiteElo "2450"]
[BlackElo "2325"]
[EventDate "1983.02.12"]
[PlyCount "33"]

1.d4 Nf6 2.c4 g6 3.Nc3 Bg7 4.e4 d6 5.Be2 O-O 6.Bg5 Nbd7 7.f4 c5 8.e5 Ne8 
9.Nf3 cxd4 10.Qxd4 dxe5 11.fxe5 Nc7 12.Qe3 Ne6 13.Bh4 Qa5 14.Bg3 Nb6 15.
O-O Bd7 16.Rad1 Bc6 17.b3 1/2-1/2

[Event "40th POL-ch"]
[Site "Piotrkow Trybunalski POL"]
[Date "1983.02.21"]
[Round "9"]
[White "Staniszewski, Piotr"]
[Black "Stempin, Pawel"]
[Result "1-0"]
[WhiteElo "2370"]
[BlackElo "2375"]
[EventDate "1983.02.12"]
[PlyCount "79"]

1.d4 Nf6 2.c4 e6 3.Nf3 b6 4.g3 Bb4+ 5.Bd2 Be7 6.Nc3 Bb7 7.Bg2 O-O 8.O-O 
Na6 9.Ne5 Bxg2 10.Kxg2 Qb8 11.e3 c5 12.Qf3 Nb4 13.Ne4 Qc8 14.Bxb4 cxb4 15.
Rac1 Nxe4 16.Qxe4 a5 17.Rfd1 Ra7 18.b3 a4 19.c5 bxc5 20.dxc5 axb3 21.axb3 
Bf6 22.Nd3 Bc3 23.Nxb4 Qxc5 24.Nd3 Qa5 25.b4 Qa3 26.Qc4 Bf6 27.e4 d5 28.
exd5 exd5 29.Qxd5 Rd8 30.Nf4 g6 31.Qc4 Rad7 32.Rxd7 Rxd7 33.Qc6 Rd2 34.Ne6
Rxf2+ 35.Kxf2 Qa7+ 36.Kg2 fxe6 37.Qc8+ Kg7 38.Rc7+ Kh6 39.Rxa7 Bd4 40.Rd7 
1-0

[Event "40th POL-ch"]
[Site "Piotrkow Trybunalski POL"]
[Date "1983.02.21"]
[Round "9"]
[White "Sygulski, Artur"]
[Black "Borkowski, Franciszek"]
[Result "1/2-1/2"]
[WhiteElo "2425"]
[BlackElo "2380"]
[EventDate "1983.02.12"]
[PlyCount "93"]

1.d4 Nf6 2.c4 c5 3.d5 e5 4.Nc3 d6 5.e4 g6 6.Be2 a6 7.Nf3 Bg7 8.O-O O-O 9.
Ne1 Ne8 10.Nd3 Nd7 11.Be3 f5 12.exf5 gxf5 13.f4 e4 14.Nf2 Ndf6 15.Qd2 b6 
16.Kh1 Ra7 17.Rab1 Kh8 18.b4 h5 19.bxc5 bxc5 20.Na4 Ng4 21.Nxg4 fxg4 22.
Nxc5 dxc5 23.Bxc5 Raf7 24.Bxf8 Rxf8 25.Rfd1 Nd6 26.c5 Nf5 27.d6 Qh4 28.Rb3
g3 29.h3 Nd4 30.Kg1 Nxb3 31.axb3 Bd7 32.b4 Qxf4 33.Qxf4 Rxf4 34.c6 Bxc6 
35.d7 Bxd7 36.Rxd7 Bc3 37.Rd5 h4 38.Rh5+ Kg7 39.Rg5+ Kf6 40.Rg4 Bd4+ 41.
Kh1 Rxg4 42.Bxg4 Bf2 43.Be2 Ke5 44.Bxa6 Kf4 45.Bc4 Ke3 46.b5 Kd2 47.b6 
1/2-1/2

[Event "40th POL-ch"]
[Site "Piotrkow Trybunalski POL"]
[Date "1983.02.21"]
[Round "9"]
[White "Szymczak, Zbigniew"]
[Black "Dobrzynski, Wojciech"]
[Result "1-0"]
[WhiteElo "2460"]
[BlackElo "2340"]
[EventDate "1983.02.12"]
[PlyCount "76"]

1.d4 Nf6 2.c4 g6 3.Nc3 Bg7 4.e4 d6 5.Nf3 O-O 6.Be2 e5 7.Be3 Ng4 8.Bg5 f6 
9.Bh4 Nc6 10.d5 Ne7 11.Nd2 h5 12.h3 Nh6 13.g4 g5 14.Bg3 h4 15.Bh2 c5 16.f3
Bd7 17.Bg1 Qa5 18.Bf2 a6 19.O-O b5 20.a3 Rfb8 21.b4 cxb4 22.axb4 Qc7 23.c5
Ng6 24.Re1 Nf4 25.Bf1 dxc5 26.bxc5 Bf8 27.d6 Bxd6 28.Qb3+ Be6 29.cxd6 Qxd6
30.Qb2 Nd3 31.Bxd3 Qxd3 32.Nd5 Bxd5 33.Ra3 Bb3 34.Rxb3 Qd7 35.Nf1 a5 36.
Ne3 a4 37.Nd5 Kg7 38.Rc3 Nf7 1-0

[Event "40th POL-ch"]
[Site "Piotrkow Trybunalski POL"]
[Date "1983.02.22"]
[Round "10"]
[White "Adamski, Jan"]
[Black "Kiedrowicz, Jan"]
[Result "1/2-1/2"]
[WhiteElo "2425"]
[BlackElo "2385"]
[EventDate "1983.02.12"]
[PlyCount "132"]

1.d4 Nf6 2.c4 c5 3.Nf3 cxd4 4.Nxd4 d6 5.Nc3 Nbd7 6.e4 a6 7.Be2 e6 8.O-O 
Be7 9.Be3 O-O 10.Rc1 Qc7 11.f3 Rd8 12.Qd2 b6 13.b4 Bb7 14.Nb3 Rac8 15.a3 
Qb8 16.Rfd1 Re8 17.Bf1 Bd8 18.Kh1 Be7 19.Bf4 Ne5 20.Bg3 Red8 21.Qe3 Ned7 
22.Qd2 Nf8 23.Qe1 Nh5 24.Bh4 Re8 25.Kg1 Nd7 26.Bf2 Nf4 27.Be3 Ng6 28.Be2 
Nge5 29.Rc2 Bd8 30.Qf1 Qc7 31.Nd2 Bf6 32.Rcc1 Qb8 33.Nb3 Bd8 34.Rd2 Qc7 
35.Na4 Qb8 36.Qf2 Ba8 37.Rdc2 Bc7 38.Rd2 Bc6 39.Nb2 Qa8 40.Rcd1 Red8 41.
Nd4 Bb7 42.Na4 Rb8 43.Nb3 b5 44.Nb2 Nf6 45.Nd4 bxc4 46.Nxc4 Nxc4 47.Bxc4 
d5 48.exd5 Nxd5 49.Nb3 Bc6 50.Nc5 Bb5 51.Bxd5 exd5 52.Bg5 f6 53.Ne6 Bb6 
54.Be3 Bxe3 55.Qxe3 Re8 56.Rxd5 Bc4 57.Rd6 a5 58.f4 axb4 59.axb4 Rxb4 60.
Qc3 Qa4 61.Nxg7 Kxg7 62.Qxf6+ Kg8 63.Qg5+ Kf8 64.Qh6+ Kg8 65.Qg5+ Kf8 66.
Qh6+ Kg8 1/2-1/2

[Event "40th POL-ch"]
[Site "Piotrkow Trybunalski POL"]
[Date "1983.02.22"]
[Round "10"]
[White "Bielczyk, Jacek"]
[Black "Sarwinski, Miroslaw"]
[Result "1/2-1/2"]
[WhiteElo "2410"]
[BlackElo "2375"]
[EventDate "1983.02.12"]
[PlyCount "34"]

1.e4 c5 2.Nf3 d6 3.d4 cxd4 4.Nxd4 Nf6 5.Nc3 e6 6.f4 a6 7.Be2 Be7 8.O-O O-O
9.Kh1 Nc6 10.Nxc6 bxc6 11.e5 Ne8 12.Be3 Qc7 13.Na4 dxe5 14.Bb6 Qb8 15.Bg1 
Qc7 16.Bb6 Qb8 17.Bg1 Qc7 1/2-1/2

[Event "40th POL-ch"]
[Site "Piotrkow Trybunalski POL"]
[Date "1983.02.22"]
[Round "10"]
[White "Borkowski, Franciszek"]
[Black "Bernard, Ryszard"]
[Result "1/2-1/2"]
[WhiteElo "2380"]
[BlackElo "2340"]
[EventDate "1983.02.12"]
[PlyCount "135"]

1.e4 c5 2.Nf3 d6 3.d4 cxd4 4.Nxd4 Nf6 5.Nc3 a6 6.f4 Qc7 7.Be2 e5 8.Nb3 Be7
9.g4 exf4 10.g5 Nfd7 11.Nd5 Qd8 12.Bxf4 Ne5 13.Qd2 Nbc6 14.O-O-O Be6 15.h4
Rc8 16.Kb1 g6 17.Nxe7 Kxe7 18.Nd4 Nxd4 19.Qxd4 Qc7 20.Rd2 Qc5 21.Rhd1 Qxd4
22.Rxd4 Rc6 23.Rb4 b5 24.a4 Rhc8 25.Rd2 Bc4 26.axb5 axb5 27.Bxe5 dxe5 28.
Bxc4 Rxc4 29.Rxb5 Rxe4 30.Rb7+ Ke6 31.Rb6+ Ke7 32.Rf2 Rxh4 33.Rb7+ Ke6 34.
b4 Rf4 35.Rb6+ Kf5 36.Rg2 Rg4 37.Rf2+ Kxg5 38.Rxf7 h5 39.b5 h4 40.Re6 Rb4+
41.Kc1 Rxb5 42.Rg7 Kf5 43.Rexg6 Rh8 44.Kd2 h3 45.Rg5+ Kf4 46.Rg1 Kf5 47.
Rf1+ Ke6 48.Rh1 Rb4 49.Rh2 Rbh4 50.Rg3 Kd5 51.Ke2 Ke6 52.Rf3 R8h7 53.Re3 
Kf5 54.Rf3+ Ke6 55.Re3 Rh8 56.Rf3 R8h6 57.Kd2 Kd5 58.Ke2 Ke4 59.Re3+ Kf5 
60.Rg3 Kf4 61.Kf2 e4 62.Rc3 R4h5 63.Ra3 Rc5 64.Rhxh3 Rxc2+ 65.Kf1 Rf6 66.
Rac3 Rxc3 67.Rxc3 Re6 68.Rb3 1/2-1/2

[Event "40th POL-ch"]
[Site "Piotrkow Trybunalski POL"]
[Date "1983.02.22"]
[Round "10"]
[White "Dobrzynski, Wojciech"]
[Black "Pinkas, Karol"]
[Result "1-0"]
[WhiteElo "2340"]
[BlackElo "2405"]
[EventDate "1983.02.12"]
[PlyCount "113"]

1.c4 Nf6 2.Nf3 e6 3.g3 d5 4.Bg2 Be7 5.O-O O-O 6.b3 c5 7.Bb2 Nc6 8.e3 b6 9.
Qe2 Bb7 10.Rd1 Qc7 11.Nc3 Rad8 12.Rac1 dxc4 13.bxc4 Rd7 14.d3 Rfd8 15.Bh3 
h6 16.Ba1 Qb8 17.Ne1 Nh7 18.f4 Bf6 19.a3 Na5 20.Rb1 Nf8 21.Bg4 Ng6 22.Bf3 
Ne7 23.Bxb7 Rxb7 24.Ne4 Bxa1 25.Rxa1 Rbd7 26.Rab1 Qc7 27.Nc3 Nac6 28.Qf3 
e5 29.f5 f6 30.Qg4 Kh8 31.Qf3 Qb7 32.g4 Qa6 33.Ra1 Na5 34.Rdb1 Qc8 35.e4 
Nac6 36.Nd5 Nd4 37.Qg2 Nxd5 38.exd5 g6 39.Qh3 Kg7 40.fxg6 Rf8 41.Ng2 f5 
42.gxf5 Rxf5 43.Rf1 Rd6 44.Rxf5 Qxf5 45.Qxf5 Nxf5 46.Re1 Kf6 47.Ne3 Nd4 
48.Ng4+ Kxg6 49.Nxe5+ Kf5 50.a4 Nc2 51.Re4 Nb4 52.Re3 a6 53.Nf7 Rg6+ 54.
Kf2 Kf6 55.Rf3+ Kg7 56.d6 Nc6 57.d7 1-0

[Event "40th POL-ch"]
[Site "Piotrkow Trybunalski POL"]
[Date "1983.02.22"]
[Round "10"]
[White "Stempin, Pawel"]
[Black "Ksieski, Zbigniew"]
[Result "1/2-1/2"]
[WhiteElo "2375"]
[BlackElo "2355"]
[EventDate "1983.02.12"]
[PlyCount "60"]

1.d4 Nf6 2.c4 e6 3.Nf3 Bb4+ 4.Nc3 c5 5.g3 cxd4 6.Nxd4 Ne4 7.Qd3 Qa5 8.Nb3 
Nxc3 9.Bd2 Ne4 10.Qxe4 Bxd2+ 11.Nxd2 O-O 12.Bg2 Nc6 13.Qe3 d5 14.O-O d4 
15.Qd3 e5 16.a3 g6 17.Rac1 Bf5 18.Ne4 Rad8 19.c5 Kg7 20.b4 Qc7 21.Qb3 Be6 
22.Qa4 Bd5 23.Nd6 Bxg2 24.Kxg2 a6 25.Qb3 Ne7 26.Qf3 Qc6 27.a4 Nf5 28.Nxf5+
gxf5 29.b5 axb5 30.axb5 Qxf3+ 1/2-1/2

[Event "40th POL-ch"]
[Site "Piotrkow Trybunalski POL"]
[Date "1983.02.22"]
[Round "10"]
[White "Sygulski, Artur"]
[Black "Szymczak, Zbigniew"]
[Result "0-1"]
[WhiteElo "2425"]
[BlackElo "2460"]
[EventDate "1983.02.12"]
[PlyCount "64"]

1.d4 Nf6 2.c4 c5 3.d5 g6 4.Nc3 Bg7 5.e4 d6 6.Nf3 O-O 7.Be2 e6 8.Nd2 Re8 9.
O-O Na6 10.Kh1 Nc7 11.f3 Rb8 12.a4 b6 13.Ndb1 exd5 14.Nxd5 Ne6 15.Nbc3 
Nxd5 16.cxd5 Nd4 17.Bb5 Rf8 18.Qd3 f5 19.Bf4 g5 20.Bg3 f4 21.Bf2 g4 22.Ne2
Nxe2 23.Qxe2 Qg5 24.fxg4 Bxg4 25.Qd2 Qh5 26.a5 bxa5 27.Qxa5 f3 28.g3 Qh3 
29.Rg1 Rf6 30.Be3 f2 31.Rg2 Bf3 32.Bf1 Bxg2+ 0-1

[Event "40th POL-ch"]
[Site "Piotrkow Trybunalski POL"]
[Date "1983.02.22"]
[Round "10"]
[White "Sznapik, Aleksander"]
[Black "Schmidt, Wlodzimierz"]
[Result "0-1"]
[WhiteElo "2460"]
[BlackElo "2450"]
[EventDate "1983.02.12"]
[PlyCount "82"]

1.e4 c5 2.Nf3 e6 3.d4 cxd4 4.Nxd4 Nc6 5.Nc3 a6 6.Be2 d6 7.Be3 Nf6 8.O-O 
Be7 9.f4 O-O 10.a4 Qc7 11.Qe1 Nxd4 12.Bxd4 e5 13.Be3 exf4 14.Bxf4 Be6 15.
Qg3 Rfd8 16.Bh6 g6 17.Bg5 Qc5+ 18.Be3 Qb4 19.Qf2 Nxe4 20.Nxe4 Qxe4 21.Bf3 
Qc4 22.c3 Qb3 23.Bd4 Rd7 24.Rae1 Rf8 25.Qd2 Re8 26.Qf4 Rc8 27.h4 Rc5 28.
Bd1 $2 
    ( 28.Bg4 $1 )
28...Qd5 29.Bg4 Bxg4 30.Qh6 f6 31.Bxf6 Bf8 32.Re8 Qf7 33.Be7 Qxf1+ 34.Kxf1
Rf5+ 35.Kg1 Rxe7 36.Rb8 d5 37.Qd2 h5 38.Qd4 Kh7 39.Qb6 Ref7 40.Rd8 Bg7 41.
Qe3 Bf6 0-1

[Event "40th POL-ch"]
[Site "Piotrkow Trybunalski POL"]
[Date "1983.02.23"]
[Round "11"]
[White "Bernard, Ryszard"]
[Black "Adamski, Jan"]
[Result "0-1"]
[WhiteElo "2340"]
[BlackElo "2425"]
[EventDate "1983.02.12"]
[PlyCount "94"]

1.e4 c5 2.Nf3 d6 3.d4 cxd4 4.Qxd4 Nc6 5.Bb5 Nf6 6.Nc3 Nd7 7.Qc4 Nb6 8.Qe2 
Bg4 9.h3 Bxf3 10.Qxf3 g6 11.O-O Bg7 12.Be3 O-O 13.Rad1 Ne5 14.Qe2 a6 15.
Bd3 Rc8 16.Bc1 Nec4 17.Qe1 Re8 18.Kh1 Qc7 19.f4 Nxb2 20.Bxb2 Bxc3 21.Bxc3 
Qxc3 22.Qxc3 Rxc3 23.Rb1 Na4 24.Rxb7 Nc5 25.Ra7 Kf8 26.f5 f6 27.fxg6 hxg6 
28.Rf3 Rb8 29.Bxa6 Rxc2 30.Bd3 Rc3 31.Be2 Nxe4 32.Rxc3 Nxc3 33.Bc4 Rb4 34.
Be6 Re4 35.Ra8+ Kg7 36.Bb3 d5 37.Rd8 d4 38.a4 e5 39.a5 Re1+ 40.Kh2 Rb1 41.
Bc4 Rb4 42.a6 Rxc4 43.a7 Ra4 44.a8=Q Rxa8 45.Rxa8 d3 46.Rd8 e4 47.Kg3 Nd1 
0-1

[Event "40th POL-ch"]
[Site "Piotrkow Trybunalski POL"]
[Date "1983.02.23"]
[Round "11"]
[White "Kiedrowicz, Jan"]
[Black "Stempin, Pawel"]
[Result "0-1"]
[WhiteElo "2385"]
[BlackElo "2375"]
[EventDate "1983.02.12"]
[PlyCount "50"]

1.d4 Nf6 2.Nf3 e6 3.c4 c5 4.g3 cxd4 5.Nxd4 d5 6.Bg2 e5 7.Nc2 d4 8.O-O Nc6 
9.Nd2 Be6 10.b4 Qd7 11.a3 Be7 12.Rb1 Bh3 13.e4 h5 14.f3 Be6 15.Rf2 a5 16.
c5 axb4 17.axb4 d3 18.Ne1 h4 19.Bf1 hxg3 20.hxg3 Nh5 21.Nxd3 Nxg3 22.Rh2 
O-O-O 23.b5 Qd4+ 24.Kg2 Rxh2+ 25.Kxh2 Rh8+ 0-1

[Event "40th POL-ch"]
[Site "Piotrkow Trybunalski POL"]
[Date "1983.02.23"]
[Round "11"]
[White "Ksieski, Zbigniew"]
[Black "Flis, Jacek"]
[Result "1/2-1/2"]
[WhiteElo "2355"]
[BlackElo "2325"]
[EventDate "1983.02.12"]
[PlyCount "43"]

1.Nf3 Nf6 2.c4 g6 3.g3 Bg7 4.Bg2 O-O 5.d4 d6 6.O-O Nbd7 7.d5 c6 8.dxc6 
bxc6 9.Nd4 Ne5 10.c5 dxc5 11.Nxc6 Nxc6 12.Bxc6 Bh3 13.Bg2 Bxg2 14.Kxg2 Nd5
15.Qc2 Qb6 16.Nd2 Qc6 17.Nf3 Rab8 18.Rb1 c4 19.a3 Rfc8 20.e4 Nf6 21.Re1 
Nd7 22.Be3 1/2-1/2

[Event "40th POL-ch"]
[Site "Piotrkow Trybunalski POL"]
[Date "1983.02.23"]
[Round "11"]
[White "Pinkas, Karol"]
[Black "Sygulski, Artur"]
[Result "0-1"]
[WhiteElo "2405"]
[BlackElo "2425"]
[EventDate "1983.02.12"]
[PlyCount "60"]

1.e4 e5 2.Nf3 Nc6 3.Bb5 a6 4.Ba4 Nf6 5.O-O b5 6.Bb3 Be7 7.Re1 O-O 8.d4 d6 
9.c3 Bg4 10.d5 Na5 11.h3 Nxb3 12.axb3 Bd7 13.c4 c5 14.Nxe5 dxe5 15.d6 Be6 
16.dxe7 Qxe7 17.Qc2 Nd7 18.Be3 Rfb8 19.Nd2 Rb6 20.Ra2 Rab8 21.Rea1 Qd6 22.
b4 Rc6 23.bxc5 Nxc5 24.cxb5 Rxb5 25.Nc4 Qb8 26.Rd1 h6 27.Ra3 Nb3 28.Ra4 
Qc8 29.Bb6 Rxc4 30.Rxc4 Qxc4 0-1

[Event "40th POL-ch"]
[Site "Piotrkow Trybunalski POL"]
[Date "1983.02.23"]
[Round "11"]
[White "Sarwinski, Miroslaw"]
[Black "Dobrzynski, Wojciech"]
[Result "0-1"]
[WhiteElo "2375"]
[BlackElo "2340"]
[EventDate "1983.02.12"]
[PlyCount "114"]

1.e4 e5 2.Nf3 Nc6 3.Bb5 a6 4.Ba4 Nf6 5.O-O Be7 6.Re1 b5 7.Bb3 d6 8.c3 O-O 
9.h3 Bb7 10.d4 Re8 11.Nbd2 Bf8 12.Bc2 Nb8 13.b3 Nbd7 14.Bb2 g6 15.a4 Bg7 
16.d5 c6 17.c4 Qc7 18.Rc1 bxa4 19.bxa4 Nc5 20.Ba3 Nfd7 21.Nb3 Nxb3 22.Bxb3
c5 23.Qd2 Reb8 24.a5 Nf6 25.Ba4 Bc8 26.Bc6 Bb7 27.Ba4 Bc8 28.Kh2 Bd7 29.
Bc2 Nh5 30.g3 Rb7 31.Kg2 Rab8 32.Rh1 Qd8 33.Ne1 Qf8 34.Ra1 Bh6 35.Qe2 f5 
36.Nf3 fxe4 37.Bxe4 Bf5 38.Bxf5 Qxf5 39.Nh4 Qf6 40.Nf3 Rb3 41.Nh2 Qf5 42.
Rhd1 Kg7 43.Nf1 Qxh3+ 44.Kxh3 Nf4+ 45.Kh2 Nxe2 46.Nd2 Bxd2 47.Rxd2 Nd4 48.
Kg2 g5 49.Raa2 g4 50.Rd1 Nf3 51.Raa1 Rc3 52.Rh1 Kg6 53.Bc1 h5 54.Be3 Rxc4 
55.Rhb1 Rxb1 56.Rxb1 Rb4 57.Ra1 Kf5 0-1

[Event "40th POL-ch"]
[Site "Piotrkow Trybunalski POL"]
[Date "1983.02.23"]
[Round "11"]
[White "Schmidt, Wlodzimierz"]
[Black "Bielczyk, Jacek"]
[Result "1-0"]
[WhiteElo "2450"]
[BlackElo "2410"]
[EventDate "1983.02.12"]
[PlyCount "59"]

1.d4 g6 2.e4 Bg7 3.c3 d6 4.Nf3 Nf6 5.Bd3 O-O 6.O-O Nc6 7.Nbd2 e5 8.dxe5 
Nxe5 9.Nxe5 dxe5 10.Nc4 Nd7 11.b4 Re8 12.Qc2 Nf8 13.Rd1 Ne6 14.Ne3 c6 15.
Bf1 Qc7 16.Nc4 Bf8 17.a4 b6 18.Be3 Bb7 19.f3 Rad8 20.Rxd8 Rxd8 21.Qf2 Rd7 
22.a5 b5 23.a6 Bc8 24.Na5 Bxa6 25.Nb3 Bc8 26.Rxa7 Qd8 27.Ra8 Rd1 28.Qc2 
Kg7 29.Nd2 Re1 30.Bf2 1-0

[Event "40th POL-ch"]
[Site "Piotrkow Trybunalski POL"]
[Date "1983.02.23"]
[Round "11"]
[White "Staniszewski, Piotr"]
[Black "Sznapik, Aleksander"]
[Result "0-1"]
[WhiteElo "2370"]
[BlackElo "2460"]
[EventDate "1983.02.12"]
[PlyCount "63"]

1.c4 e5 2.Nc3 Nf6 3.Nf3 Nc6 4.g3 d5 5.cxd5 Nxd5 6.d3 Be7 7.Bg2 Nb6 8.O-O 
O-O 9.a3 a5 10.Be3 Be6 11.d4 exd4 12.Nxd4 Nxd4 13.Bxd4 c6 14.Na4 Nc4 15.
Nc5 Bxc5 16.Bxc5 Re8 17.Bd4 Bd5 18.Bxd5 Qxd5 19.b3 Nd6 20.a4 Nf5 21.Bb6 
Ra6 22.Qxd5 cxd5 23.Bc7 Rc8 24.Rac1 Nd4 25.Kg2 Nxb3 26.Rc3 Nd4 27.Rd1 Ne6 
28.Bxa5 Rca8 29.Bb4 Rxa4 30.Bd6 d4 31.Rb3 Rd8 32.Be7 0-1

[Event "40th POL-ch"]
[Site "Piotrkow Trybunalski POL"]
[Date "1983.02.23"]
[Round "11"]
[White "Szymczak, Zbigniew"]
[Black "Borkowski, Franciszek"]
[Result "1-0"]
[WhiteElo "2460"]
[BlackElo "2380"]
[EventDate "1983.02.12"]
[PlyCount "80"]

1.d4 Nf6 2.c4 c5 3.d5 e5 4.Nc3 d6 5.e4 g6 6.Be2 a6 7.Nf3 Bg7 8.Bg5 h6 9.
Bh4 O-O 10.Nd2 Qe8 11.Rb1 Nh7 12.f3 f5 13.a3 Bf6 14.Bf2 Bg5 15.b4 Bxd2+ 
16.Qxd2 b6 17.bxc5 bxc5 18.Qxh6 f4 19.g4 Nd7 20.O-O Ndf6 21.Rb6 Qd8 22.
Rfb1 Ra7 23.Rc6 Rg7 24.Rb8 Qd7 25.Qh4 Rd8 26.Na4 Bb7 27.Rxd8+ Qxd8 28.Rb6 
Bc8 29.Be1 Qd7 30.Bd1 Rf7 31.Bc3 Qe7 32.Rb8 Qc7 33.Rb1 Kg7 34.Nb2 Nf8 35.
Nd3 g5 36.Qxg5+ Ng6 37.Nxf4 exf4 38.e5 dxe5 39.Bc2 Nxg4 40.fxg4 Qd6 1-0

[Event "40th POL-ch"]
[Site "Piotrkow Trybunalski POL"]
[Date "1983.02.24"]
[Round "12"]
[White "Bielczyk, Jacek"]
[Black "Staniszewski, Piotr"]
[Result "0-1"]
[WhiteElo "2410"]
[BlackElo "2370"]
[EventDate "1983.02.12"]
[PlyCount "56"]

1.e4 c5 2.Nf3 e6 3.d4 cxd4 4.Nxd4 a6 5.Nc3 b5 6.Bd3 Ne7 7.O-O Nbc6 8.Nce2 
Bb7 9.Bg5 Qc7 10.Bxb5 Nxd4 11.Nxd4 e5 12.Bxe7 Bxe7 13.Ba4 exd4 14.Qxd4 O-O
15.Qxd7 Qxd7 16.Bxd7 Rfd8 17.Rad1 Bf6 18.c4 Bxe4 19.c5 Ra7 20.Ba4 Rxd1 21.
Rxd1 g6 22.b4 Be7 23.Bd7 a5 24.a3 axb4 25.axb4 Bc2 26.Rc1 Rxd7 27.c6 Rd1+ 
28.Rxd1 Bxd1 0-1

[Event "40th POL-ch"]
[Site "Piotrkow Trybunalski POL"]
[Date "1983.02.24"]
[Round "12"]
[White "Borkowski, Franciszek"]
[Black "Adamski, Jan"]
[Result "1/2-1/2"]
[WhiteElo "2380"]
[BlackElo "2425"]
[EventDate "1983.02.12"]
[PlyCount "90"]

1.e4 c5 2.Nf3 d6 3.d4 cxd4 4.Nxd4 e6 5.Nc3 a6 6.Bc4 Nf6 7.Bb3 Be7 8.f4 Nc6
9.Be3 O-O 10.Qf3 Nxd4 11.Bxd4 b5 12.Bxf6 Bxf6 13.e5 Bh4+ 14.g3 Rb8 15.
O-O-O Bb7 16.Ne4 Be7 17.f5 Bxe4 18.Qxe4 exf5 19.Qxf5 Qc7 20.exd6 Bxd6 21.
Rhf1 Rbd8 22.Rd3 Rd7 23.Rfd1 Rdd8 24.Rf3 Qe7 25.Rdf1 Rd7 26.h4 Rc7 27.Qd3 
Qe5 28.Re3 Qc5 29.Rf5 Qb6 30.Rh5 g6 31.Rd5 Re7 32.Rxe7 Bxe7 33.Qf3 Qc6 34.
Qd3 Qb6 35.Qf3 Qc6 36.h5 Qf6 37.Qe2 Rd8 38.Re5 Bf8 39.a3 Bh6+ 40.Kb1 Rf8 
41.c3 Bg5 42.Ka2 Rd8 43.Rc5 Qe7 44.Re5 Qf6 45.Re4 Kg7 1/2-1/2

[Event "40th POL-ch"]
[Site "Piotrkow Trybunalski POL"]
[Date "1983.02.24"]
[Round "12"]
[White "Dobrzynski, Wojciech"]
[Black "Schmidt, Wlodzimierz"]
[Result "1/2-1/2"]
[WhiteElo "2340"]
[BlackElo "2450"]
[EventDate "1983.02.12"]
[PlyCount "32"]

1.Nf3 g6 2.g3 Bg7 3.Bg2 c5 4.O-O Nc6 5.d3 e5 6.c4 Nge7 7.Nc3 d6 8.a3 O-O 
9.Rb1 a5 10.Bd2 Rb8 11.Ne1 Be6 12.Nc2 d5 13.cxd5 Nxd5 14.Ne4 b6 15.b4 axb4
16.axb4 Ncxb4 1/2-1/2

[Event "40th POL-ch"]
[Site "Piotrkow Trybunalski POL"]
[Date "1983.02.24"]
[Round "12"]
[White "Flis, Jacek"]
[Black "Kiedrowicz, Jan"]
[Result "1-0"]
[WhiteElo "2325"]
[BlackElo "2385"]
[EventDate "1983.02.12"]
[PlyCount "65"]

1.e4 c5 2.Nf3 d6 3.d4 cxd4 4.Nxd4 Nf6 5.Nc3 a6 6.Bc4 e6 7.Bb3 b5 8.O-O Bb7
9.Re1 Nbd7 10.Bg5 Qb6 11.a4 b4 12.a5 Qc7 13.Nd5 exd5 14.exd5+ Kd8 15.Qe2 
Qc5 16.Be3 Bxd5 17.Ne6+ fxe6 18.Bxc5 Nxc5 19.Bxd5 Nxd5 20.Rad1 Kc7 21.Qf3 
Rd8 22.c3 b3 23.Rxe6 Nxe6 24.Qf7+ Ne7 25.Qxe6 Nc6 26.Qxb3 Nxa5 27.Qd5 Nc6 
28.Ra1 Ra8 29.Ra4 a5 30.Rc4 Ra6 31.Qf7+ Kb6 32.Qe8 Kc7 33.Rf4 1-0

[Event "40th POL-ch"]
[Site "Piotrkow Trybunalski POL"]
[Date "1983.02.24"]
[Round "12"]
[White "Sygulski, Artur"]
[Black "Sarwinski, Miroslaw"]
[Result "1-0"]
[WhiteElo "2425"]
[BlackElo "2375"]
[EventDate "1983.02.12"]
[PlyCount "145"]

1.d4 Nf6 2.c4 e6 3.Nf3 b6 4.g3 Bb7 5.Bg2 Be7 6.O-O O-O 7.Bg5 h6 8.Bxf6 
Bxf6 9.Nc3 d5 10.cxd5 exd5 11.Rc1 Re8 12.Re1 Na6 13.Qa4 c5 14.Red1 Rc8 15.
Bh3 Rc7 16.dxc5 Rxc5 17.e3 Rc4 18.Qd7 Qa8 19.Bf1 Rc7 20.Qa4 Nc5 21.Qa3 Rd8
22.Nb5 Rcd7 23.Nbd4 g6 24.b4 Ne4 25.Bh3 Re7 26.b5 Nc5 27.Nb3 Ree8 28.Nfd4 
Be7 29.Qb2 a5 30.a3 Bf8 31.Qa2 Nxb3 32.Qxb3 Bc5 33.a4 h5 34.Bg2 Rc8 35.Qd3
Red8 36.h4 Qb8 37.Bh3 Rc7 38.Qc3 Re8 39.Rd2 Ree7 40.Rdc2 Qe8 41.Qd3 Qd8 
42.Bg2 Qd6 43.Nb3 Bb4 44.Rxc7 Rxc7 45.Rxc7 Qxc7 46.Bxd5 Bxd5 47.Qxd5 Qc2 
48.Nd4 Qxa4 49.Qd8+ Kg7 50.Qxb6 Qd1+ 51.Kg2 a4 52.Qa6 a3 53.b6 Qb1 54.b7 
Bd6 55.Nc2 Qxc2 56.Qxd6 Qe4+ 57.Kh2 Qxb7 58.Qxa3 Qf3 59.Qa2 f6 60.Kg1 g5 
61.hxg5 fxg5 62.Qb2+ Kg6 63.Qd4 Kf7 64.Qe5 Kg6 65.Qe6+ Kg7 66.e4 Kh7 67.e5
Kg7 68.Qd7+ Kh6 69.e6 h4 70.e7 hxg3 71.Qd6+ Kg7 72.Qe5+ Kh6 73.Qh8+ 1-0

[Event "40th POL-ch"]
[Site "Piotrkow Trybunalski POL"]
[Date "1983.02.24"]
[Round "12"]
[White "Sznapik, Aleksander"]
[Black "Ksieski, Zbigniew"]
[Result "1/2-1/2"]
[WhiteElo "2460"]
[BlackElo "2355"]
[EventDate "1983.02.12"]
[PlyCount "83"]

1.e4 c5 2.Nf3 Nc6 3.d4 cxd4 4.Nxd4 Nf6 5.Nc3 d6 6.Bg5 e6 7.Qd2 a6 8.O-O-O 
h6 9.Be3 Be7 10.f3 Nxd4 11.Bxd4 b5 12.h4 Bb7 13.a3 Qc7 14.g4 e5 15.Bf2 d5 
16.Nxd5 Nxd5 17.exd5 Rd8 18.Bd3 Bxd5 19.Qe2 O-O 20.g5 b4 21.axb4 Bxb4 22.
Be1 Bxe1 23.Rdxe1 Qc6 24.Rhg1 Bxf3 25.Qe3 h5 26.Kb1 e4 27.Be2 Rc8 28.c3 
Rfe8 29.Bd1 Rb8 30.Bc2 Re7 31.g6 fxg6 32.Rg5 Reb7 33.b4 Kh7 34.Reg1 Qb6 
35.Qe1 Re8 36.Rxg6 Re6 37.Rxe6 Qxe6 38.Qe3 g6 39.Rg5 Qd6 40.Kb2 a5 41.Rxa5
Rxb4+ 42.cxb4 1/2-1/2

[Event "40th POL-ch"]
[Site "Piotrkow Trybunalski POL"]
[Date "1983.02.24"]
[Round "12"]
[White "Szymczak, Zbigniew"]
[Black "Pinkas, Karol"]
[Result "1-0"]
[WhiteElo "2460"]
[BlackElo "2405"]
[EventDate "1983.02.12"]
[PlyCount "73"]

1.d4 Nf6 2.c4 c5 3.d5 e6 4.Nc3 exd5 5.cxd5 d6 6.Nf3 g6 7.Bg5 h6 8.Bh4 Bg7 
9.e3 Bg4 10.Bb5+ Kf8 11.h3 Bxf3 12.Qxf3 a6 13.Ba4 b5 14.Bc2 Nbd7 15.O-O 
Ne5 16.Qe2 g5 17.Bg3 Ng6 18.f4 gxf4 19.Bxf4 Nxf4 20.Rxf4 h5 21.Raf1 Rh6 
22.Ne4 Nxd5 23.Rxf7+ Kg8 24.Qf3 Qe8 25.Kh1 Rd8 26.Ng3 Nxe3 27.Rxg7+ Kxg7 
28.Re1 Re6 29.Nxh5+ Kh8 30.Rxe3 Qg8 31.Nf6 Qf7 32.Rxe6 Qxe6 33.Qh5+ Kg7 
34.Qg5+ Kf8 35.Be4 Qc4 36.Qh6+ Ke7 37.Nd5+ 1-0

[Event "40th POL-ch"]
[Site "Piotrkow Trybunalski POL"]
[Date "1983.02.25"]
[Round "13"]
[White "Adamski, Jan"]
[Black "Stempin, Pawel"]
[Result "1-0"]
[WhiteElo "2425"]
[BlackElo "2375"]
[EventDate "1983.02.12"]
[PlyCount "86"]

1.c4 Nf6 2.g3 c5 3.Bg2 e6 4.Nf3 Nc6 5.O-O d5 6.cxd5 Nxd5 7.d4 Be7 8.dxc5 
Bxc5 9.Qc2 Be7 10.Rd1 Bd7 11.e4 Nb6 12.Nc3 O-O 13.Bf4 Rc8 14.Qe2 Qe8 15.
Rac1 Nb8 16.Ne5 Ba4 17.b3 Bc6 18.Nxc6 bxc6 19.Be3 Ba3 20.Rc2 Rd8 21.Nb1 
Bb4 22.Rdc1 e5 23.h4 Qd7 24.a3 Be7 25.b4 Na8 26.Nd2 Kh8 27.Bf1 a5 28.bxa5 
Bxa3 29.Rb1 Rfe8 30.Nc4 Bf8 31.Rd2 Qe6 32.Rxd8 Rxd8 33.Qb2 Nd7 34.Nd2 h6 
35.Bc4 Qg6 36.a6 Be7 37.Kh2 Nf6 38.f3 Nh5 39.Nf1 Qf6 40.Kg2 g5 41.hxg5 
hxg5 42.Nh2 Qg7 43.Ng4 Nf6 1-0